MARC

LEADER 00000nam0a2200000 4500
001 192791
005 20231031181513.0
010 |a 5230296488 
035 |a (RuTPU)RU\TPU\book\210221 
090 |a 192791 
100 |a 20110309d1990 m y0rusy50 ca 
101 0 |a rus 
102 |a RU 
105 |a y z 001zy 
200 1 |a Сплетения и многообразия решеточно упорядоченных групп  |e учебное пособие  |f Н. Я. Медведев  |g Алтайский государственный университет (АлтГУ) 
210 |a Барнаул  |d 1990 
215 |a 72 с. 
320 |a Библиогр.: с. 69-71. 
610 1 |a упорядоченные группы 
610 1 |a сплетения 
610 1 |a многообразия 
610 1 |a учебные пособия 
610 1 |a свойства 
610 1 |a применение 
610 1 |a свободные группы 
675 |a 512.54(075.8)  |v 3 
700 1 |a Медведев  |b Н. Я.  |g Николай Яковлевич 
712 0 2 |a Алтайский государственный университет (АлтГУ)  |c (Барнаул)  |2 stltpush  |3 (RuTPU)RU\TPU\col\21 
801 1 |a RU  |b 63413507  |c 20110309 
801 2 |a RU  |b 63413507  |c 20110316  |g RCR 
942 |c BK